Grammar of the Tulu language (Record no. 211848)
[ view plain ]
| 000 -LEADER | |
|---|---|
| fixed length control field | 02212nam a2200229Ia 4500 |
| 003 - CONTROL NUMBER IDENTIFIER | |
| control field | OSt |
| 005 - DATE AND TIME OF LATEST TRANSACTION | |
| control field | 20250806122255.0 |
| 008 - FIXED-LENGTH DATA ELEMENTS--GENERAL INFORMATION | |
| fixed length control field | 210719s2019 xx 000 0 und d |
| 040 ## - CATALOGING SOURCE | |
| Transcribing agency | AL |
| 041 ## - LANGUAGE CODE | |
| Language code of text/sound track or separate title | English/Tulu |
| 082 ## - DEWEY DECIMAL CLASSIFICATION NUMBER | |
| Classification number | T494.5 BRIG |
| 100 ## - MAIN ENTRY--PERSONAL NAME | |
| Personal name | BRIGEL (John James) |
| 9 (RLIN) | 234246 |
| 245 ## - TITLE STATEMENT | |
| Title | Grammar of the Tulu language |
| 260 ## - PUBLICATION, DISTRIBUTION, ETC. | |
| Place of publication, distribution, etc. | Mangaluru |
| Name of publisher, distributor, etc. | Karnataka Tulu Sahithya Akeademi., |
| Date of publication, distribution, etc. | 2019 |
| 300 ## - PHYSICAL DESCRIPTION | |
| Extent | 165 |
| Other physical details | PB |
| 365 ## - TRADE PRICE | |
| Price amount | 200 |
| Currency code | Rs |
| 520 ## - SUMMARY, ETC. | |
| Summary, etc. | In offering to the public this first attempt at treating the Tulu Language grammatically, the Author and Publisher trust that it will be welcome to all who take an interest in the South Indian Languages, although they are well aware that a first work of this kind, written as this is, under a pressure of professional duties, cannot claim perfection.<br/><br/>Tuļu is one of the Dravidian Languages, spoken only in the Collectorate of South Canara by about 500,000 people, and is nearly exactly confined between 12.30 and 13.30 degrees N. latitude, extending eastward to the foot of the Ghats. It cannot boast of any literature in the proper sense of the word, nor has it a character of its own. In writing, a modification of the Malayalam alphabet was used, till the Basel Mission Press employed Canarese characters in printing. This precedent has how been almost generally followed.<br/><br/>The first book ever printed in Tuļu, is the Gospel of St. Matthew lithographed and published in 1842. Withing 1847 the whole of the New Testament was finished, and a new typographical edition of it was issued in 1859. Besides this, the following was published at Mangalore: The Psalms, Liturgy, Hymn-Book, First and Second Catechisms, Old and New Testament Bible Stories, Short Bible Stories, Prayer-Book, Flattich's Household-Rules, Congregation- Rules, Selection of Scripture Passages.<br/><br/>Special acknowledgement is due to A. Burnell Esq. M.C.S., who not only took much interest in the publication of this book, but facilitated it by a liberal donation towards the cost of printing.<br/><br/>Mangalore, 14th September 1872.<br/><br/>J.J. Brigel |
| 650 ## - SUBJECT ADDED ENTRY--TOPICAL TERM | |
| Topical term or geographic name entry element | Tulu Grammar |
| 9 (RLIN) | 234247 |
| 650 ## - SUBJECT ADDED ENTRY--TOPICAL TERM | |
| Topical term or geographic name entry element | Tulu Language |
| 9 (RLIN) | 234248 |
| 906 ## - LOCAL DATA ELEMENT F, LDF (RLIN) | |
| a | Grammar ; language ; Tulu |
| 942 ## - ADDED ENTRY ELEMENTS (KOHA) | |
| Source of classification or shelving scheme | Dewey Decimal Classification |
| Koha item type | Book |
| Withdrawn status | Lost status | Source of classification or shelving scheme | Damaged status | Not for loan | Collection code | Home library | Current library | Shelving location | Date acquired | Source of acquisition | Cost, normal purchase price | Total Checkouts | Full call number | Barcode | Date last seen | Cost, replacement price | Price effective from | Koha item type |
|---|---|---|---|---|---|---|---|---|---|---|---|---|---|---|---|---|---|---|
| Dewey Decimal Classification | Tulu | St Aloysius Library | St Aloysius Library | Stack Section | 02/24/2021 | Navakarnataka Publication Pvt Ltd., Mangalore | General Annual | 200.00 | T494.5 BRIG | 074662 | 07/19/2021 | 160.00 | 07/19/2021 | Book |